00407pab a2200133 454500008004000000100002100040245009900061260000900160300001300169362000800182650001800190700002200208773004300230180718b2001 xxu||||| |||| 00| 0 eng d aSayeed, Omer Bin aOrganisational priorities and management role effectiveness in a high reliability organisation c2001 ap.231-47 aOct aOrganizations aJain, Ravindra K. aIndian Journal of Industrial Relations